00333nam a2200145Ia 4500008004000000041000800040082001200048100001700060245003600077260002600113650001100139650001000150650001500160650001200175210210b1947 xxu||||| |||| 00| 0 eng d aeng a320/610 aWARREN (J H) aEnglish local government system abNot Mentionedc1947 asystem alocal agovernment aEnglish